Una visión del México del siglo de las luces (Record no. 3815)

MARC details
000 -CABECERA
campo de control de longitud fija 01145nam a2200277 a 4500
001 - NÚMERO DE CONTROL
campo de control BRCA_4093
005 - FECHA Y HORA DE LA ÚLTIMA TRANSACCIÓN
campo de control 20190320204537.0
008 - DATOS DE LONGITUD FIJA--INFORMACIÓN GENERAL
campo de control de longitud fija 070427s2006 cc-a#####b---#001-0#spa-d
020 ## - NÚMERO INTERNACIONAL ESTÁNDAR DEL LIBRO
Número Internacional Estándar del Libro 9685893314
041 ## - CÓDIGO DE LENGUA
Código de lengua del texto/banda sonora o título independiente spa
044 ## - CÓDIGO DEL PAÍS DE LA ENTIDAD EDITORA/PRODUCTORA
Código MARC del país cc
050 #4 - SIGNATURA TOPOGRÁFICA DE LA BIBLIOTECA DEL CONGRESO
Número de clasificación F1211.B3
Número de documento/Ítem .V57 2006
245 10 - MENCIÓN DE TÍTULO
Título Una visión del México del siglo de las luces
Resto del título la codificación de Joaquín Antonio de Basarás : origen, costumbres y estado presente de mexicanos y filipinos
Mención de responsabilidad, etc. estudio preliminar, transcripción y apéndices de Ilona Katzew.
260 ## - PUBLICACIÓN, DISTRIBUCIÓN, ETC.
Lugar de publicación, distribución, etc. Hong Kong
Nombre del editor, distribuidor, etc. Landucci
Fecha de publicación, distribución, etc. c2006
300 ## - DESCRIPCIÓN FÍSICA
Extensión 374 p.
Otras características físicas il. (algunas a color)
Dimensiones 34 cm.
500 ## - NOTA GENERAL
Nota general Incluye apéndice documental
504 ## - NOTA DE BIBLIOGRAFÍA, ETC.
Nota de bibliografía, etc. Bibliografía: p. 369-374
600 14 - PUNTO DE ACCESO ADICIONAL DE MATERIA--NOMBRE DE PERSONA
Nombre de persona Basarás, Joaquín Antonio de
9 (RLIN) 10599
650 14 - PUNTO DE ACCESO ADICIONAL DE MATERIA--TÉRMINO DE MATERIA
Término de materia o nombre geográfico como elemento de entrada Pintura de castas
9 (RLIN) 4649
651 #4 - PUNTO DE ACCESO ADICIONAL DE MATERIA--NOMBRE GEOGRÁFICO
Nombre geográfico México
Subdivisión general Descripción y viajes
Subdivisión cronológica Trabajos anteriores a 1800
9 (RLIN) 10600
651 #4 - PUNTO DE ACCESO ADICIONAL DE MATERIA--NOMBRE GEOGRÁFICO
Nombre geográfico México
Subdivisión general Vida social y costumbres
Subdivisión cronológica Siglo XVIII
9 (RLIN) 3954
651 #4 - PUNTO DE ACCESO ADICIONAL DE MATERIA--NOMBRE GEOGRÁFICO
Nombre geográfico Filipinas
Subdivisión general Descripción y viajes
Subdivisión cronológica Trabajos anteriores a 1800
9 (RLIN) 10601
651 #4 - PUNTO DE ACCESO ADICIONAL DE MATERIA--NOMBRE GEOGRÁFICO
Nombre geográfico Filipinas
Subdivisión general Vida social y costumbres
Subdivisión cronológica Siglo XVIII
9 (RLIN) 10602
700 1# - PUNTO DE ACCESO ADICIONAL--NOMBRE DE PERSONA
Nombre de persona Katzew, Ilona
9 (RLIN) 4648
942 ## - ELEMENTOS DE PUNTO DE ACCESO ADICIONAL (KOHA)
Fuente del sistema de clasificación o colocación Library of Congress Classification
Tipo de ítem Koha Libros
Holdings
Estado de retiro Estado de pérdida Estado dañado No para préstamo Localización permanente Ubicación/localización actual Fecha de adquisición Total de préstamos Signatura topográfica completa Código de barras Fecha visto por última vez Precio válido a partir de Tipo de ítem Koha
El ejemplar forma parte de la colección y puede ser consultado según las políticas vigentes.       Biblioteca del Museo Franz Mayer (Rogerio Casas-Alatriste) Biblioteca del Museo Franz Mayer (Rogerio Casas-Alatriste) 25/02/2010   F1211.B3 .V57 2006 01588 22/03/2019 22/03/2019 Libros